LEADER 01036nam a22002898i 4500 001 991000367089707536 008 090917s2009 ctua 001 0 eng d 020 $a9781933988399 020 $a1933988398 035 $ab13846887-39ule_inst 040 $aDip.to Matematica$beng 082 0 $a519.5028553 084 $aAMS 68U05 100 1 $aJanert, Philipp$0471788 245 10$aGnuplot in action :$bunderstanding data with graphs /$cby Philipp Janert 260 $aGreenwich, Conn. :$bManning Publications,$c2009 300 $axxxi, 360 p. :$bcol ill. ;$c23 cm 500 $aIncludes index 630 00$aGnuplot (Computer file) 650 0$aStatistics$xData processing 650 0$aGraph theory$xData processing 907 $a.b13846887$b28-01-14$c17-09-09 912 $a991000367089707536 945 $aLE013 68U JAN11 (2009) $g1$i2013000292489$lle013$op$pE25.44$q-$rl$s- $t0$u2$v0$w2$x0$y.i15003462$z17-09-09 996 $aGnuplot in action$9228149 997 $aUNISALENTO 998 $ale013$b17-09-09$cm$da $e-$feng$gctu$h0$i0 LEADER 02891nam 22006494a 450 001 9910778279803321 005 20230617005302.0 010 $a1-281-72907-8 010 $a9786611729073 010 $a0-300-13839-3 035 $a(CKB)1000000000477777 035 $a(EBL)3420406 035 $a(SSID)ssj0000128496 035 $a(PQKBManifestationID)11160076 035 $a(PQKBTitleCode)TC0000128496 035 $a(PQKBWorkID)10063428 035 $a(PQKB)10396910 035 $a(MiAaPQ)EBC3420406 035 $a(Au-PeEL)EBL3420406 035 $a(CaPaEBR)ebr10217109 035 $a(OCoLC)225166880 035 $a(EXLCZ)991000000000477777 100 $a20041208d2005 uy 0 101 0 $aeng 135 $aur|n|---||||| 181 $ctxt 182 $cc 183 $acr 200 10$aConfessio philosophi$b[electronic resource] $epapers concerning the problem of evil, 1671-1678 /$fG.W. Leibniz ; translated, edited, and with an introduction by Robert C. Sleigh, Jr. ; additional contributions from Brandon Look and James Stam 210 $aNew Haven $cYale University Press$dc2005 215 $a1 online resource (221 p.) 225 1 $aThe Yale Leibniz 300 $aDescription based upon print version of record. 311 $a0-300-08958-9 320 $aIncludes bibliographical references (p. 143-174) and index. 327 $aContents; Preface; List of Abbreviations; A Note on the Texts, Translations, and Methods of Citation; Introduction; 1. Evil and Theodicy; 2. The Confession and Related Texts; 3. Modality; 4. The Author of Sin; 5. Freedom, Individuation, and the Lament of the Damned; Confessio philosophi: Papers Concerning the Problem of Evil, 1671-1678; 1. Letter to Magnus Wedderkopf (1671); 2. On the Omnipotence and Omniscience of God and the Freedom of Man (1670-1671?); 3. ""The Confession of a Philosopher"" (Fall 1672-Winter 1672-3?); 4. The Author of Sin (1673?) 327 $a5. ""Conversation with Steno Concerning Freedom"" (7 December 1677)6. ""Middle Knowledge"" (November 1677); 7. ""On Free Choice"" (Between Summer 1678 and Winter 1680-81?); 8. On the Necessity of Choosing the Best (1677?); 9. A Demonstration That God Understands All Possibles (1677?); Notes; Index 410 0$aYale Leibniz Series 606 $aGod 606 $aTheodicy 606 $aFree will and determinism 615 0$aGod. 615 0$aTheodicy. 615 0$aFree will and determinism. 676 $a214 686 $a08.24$2bcl 700 $aLeibniz$b Gottfried Wilhelm$cFreiherr von,$f1646-1716.$0218350 701 $aSleigh$b R. C.$f1932-$0614814 701 $aLook$b Brandon$01476919 701 $aStam$b James H.$f1937-$01476920 801 0$bMiAaPQ 801 1$bMiAaPQ 801 2$bMiAaPQ 906 $aBOOK 912 $a9910778279803321 996 $aConfessio philosophi$93691704 997 $aUNINA